Εθνική τράπεζα της Ελλάδος : απολογισμός 1984

Αποθηκεύτηκε σε:
Λεπτομέρειες βιβλιογραφικής εγγραφής
Κύριος συγγραφέας: Παναγόπουλος, Στυλιανός Περ
Μορφή: Βιβλίο
Γλώσσα:English
Δημοσίευση: Αθήνα : Εθνική Τράπεζα της Ελλάδος, 1985
Θέματα:
Ετικέτες: Προσθήκη ετικέτας
Δεν υπάρχουν, Καταχωρήστε ετικέτα πρώτοι!

MARC

LEADER 00000nam a2200000 i 4500
001 1/103326
008 950515s eng d
035 |l 10012844 
040 |a GR-MY-UA  |b gre  |e aacr 
041 0 |a eng 
082 0 |a 332.109495 
100 1 |a Παναγόπουλος, Στυλιανός Περ. 
245 1 0 |a Εθνική τράπεζα της Ελλάδος :  |b απολογισμός 1984 /  |c Στυλιανού Περ. Παναγόπουλου 
260 |a Αθήνα :   |b Εθνική Τράπεζα της Ελλάδος,   |c 1985 
300 |a 80 σ. 
610 2 0 |a Εθνική Τράπεζα της Ελλάδος. 
650 0 0 |a Banks and banking  |z Greece. 
651 0 |a Greece  |x Economic conditions. 
852 |a INST  |b LESVOS  |e 19950515  |h 332.109495 ΠΑΝ  |p 005100000819  |q 005100000819  |t BK  |y 0 
909 |a Λ  |b 015442